000 00675nam a2200277Ia 4500
008 160321s9999||||xx |||||||||||||| ||und||
040 _cEnglish
082 _aXI.E/Henson
082 _bBORI-16303
100 _aHerbert Hensley Henson
245 _aChristian Morality
260 _bOxford University Press
260 _c1936
300 _axiv+340
300 _cB
300 _eHardbound
530 _u00072226.pdf
563 _aStudy
600 _aHerbert Hensley Henson
630 _aChristian Morality
650 _aGeneral Indology
650 _aReligion
700 _aHerbert Hensley Henson
730 _aChristian Morality
942 _cBOOK
999 _c1357924
_d1357921